000 01315nam a2200349 a 4500
001 ebr10296720
003 CaPaEBR
006 m u
007 cr cn|||||||||
008 071101s2008 njuk s 001 0 eng
010 _z 2007044830
015 _aGBA825054
_2bnb
016 7 _z014536881
_2Uk
020 _z9780470259627 (paper/website)
020 _z0470259620 (paper/website)
040 _aCaPaEBR
_cCaPaEBR
035 _a(OCoLC)608624071
050 1 4 _aHF5686.C7
_bH53 2008eb
082 0 4 _a657
_222
100 1 _aHightower, Rose.
245 1 0 _aAccounting and finance policies and procedures
_h[electronic resource] /
_cRose Hightower.
260 _aHoboken, N.J. :
_bJohn Wiley & Sons,
_cc2008.
300 _axxxii, 295 p. :
_bforms.
500 _aIncludes index.
533 _aElectronic reproduction.
_bPalo Alto, Calif. :
_cebrary,
_d2013.
_nAvailable via World Wide Web.
_nAccess may be limited to ebrary affiliated libraries.
650 0 _aCorporations
_xAccounting.
650 0 _aAccounting
_xStandards
_vForms.
650 0 _aAccounting
_vHandbooks, manuals, etc.
_xAuthorship.
655 7 _aElectronic books.
_2local
710 2 _aebrary, Inc.
856 4 0 _uhttp://site.ebrary.com/lib/rucke/Doc?id=10296720
_zAn electronic book accessible through the World Wide Web; click to view
999 _c181382
_d181382